Music Quiz

Random Music or The Beatles Quiz

Mathematical Beatles Quiz Stats

 Plays Quiz not verified by Sporcle

Challenge
Share
Tweet
Score 0/10 Timer 08:00
0 Plays Today
# Song % Correct
1Back in the USSR
95.3%
8I Want to Hold Your Hand
89.4%
98 Days a Week
85.7%
7Let It Be
84.5%
2Tomorrow Never Knows
75.2%
10A Day in the Life
72.4%
6The Ballad of John and Yoko
63.4%
5Norwegian Wood
54.9%
3Eleanor Rigby
38.9%
4Revolution 9
33.7%

You're not logged in!

Compare scores with friends on all Sporcle quizzes.
Join for Free
OR
Log In

You Might Also Like...

Show Comments

Extras

Top Quizzes Today


Score Distribution

Your Account Isn't Verified!

In order to create a playlist on Sporcle, you need to verify the email address you used during registration. Go to your Sporcle Settings to finish the process.

Report this User

Report this user for behavior that violates our Community Guidelines.

Details: